[Event "Sitges Sunway op 3rd"]
[Site "Sitges"]
[Date "2016.12.19"]
[Round "5"]
[White "Postny, Evgeny"]
[Black "Shyam, Sundar M"]
[Result "0-1"]
[WhiteElo "2620"]
[BlackElo "2532"]
[Annotator "Sagar Shah"]
[PlyCount "83"]
[EventDate "2016.12.16"]
[EventType "swiss"]
[EventRounds "9"]
[EventCountry "ESP"]
[SourceTitle "CBM 176"]
[Source "ChessBase"]
[SourceDate "2017.01.17"]
[SourceVersion "1"]
[SourceVersionDate "2017.01.17"]
[SourceQuality "1"]
[WhiteClock "0:38:48"]
[BlackClock "0:32:38"]

1. d4 Nf6 2. c4 e6 3. Nf3 d5 4. g3 {Postny is an expert at the Catalan. It is
quite possible that Shyam prepared well for this game. The Indian GM likes to
prepare some specific lines before the game based on some recent encounters of
his opponent.} dxc4 5. Bg2 Bb4+ 6. Bd2 a5 {Postny played a game in this line
against Luther, but it was way back in 2007, so I am not sure if Shyam used
that game as the base of his preparation.} 7. Qc2 Bxd2+ 8. Qxd2 {You might
remember this opening from the World Championship Match in 2010. Anand vs
Topalov. Vishy played this line as White and scored a fine win in the fourth
game.} (8. Nbxd2 b5 9. a4 c6 {seems quite ok for Black. White goes for a pawn
sacrifice line here with} 10. b3 $5 cxb3 11. Nxb3 O-O 12. O-O (12. Ne5 Nd5 $11)
12... b4 {With an interesting position that was seen in Kunte-Ni Hua 1-0.})
8... c6 9. a4 Ne4 {This move has been quite in vogue recently.} (9... b5 10.
Na3 $5 {was Anand's novelty at that time.} (10. axb5 cxb5 11. Qg5 $14 {has
also worked quite well for White.})) 10. Qf4 (10. Qc2 Nd6 11. Nbd2 Na6 12. Nxc4
Nb4 13. Nxd6+ Qxd6 14. Qb3 b6 $11 {With the knight well placed on b4, this
shouldn't be an issue for Black.}) 10... Qb6 $5 {Following the game
Matlakov-Predke. It's a recent game played in November 2016 and quite sharp.
So preparation is a must if you want to go into this territory.} 11. O-O (11.
Nbd2 $5 Nxd2 (11... Qxb2 $2 12. Rb1 $18) 12. Qxd2 Nd7 13. O-O O-O $11) 11...
Qxb2 12. Ne5 $1 O-O 13. Na3 {Postny is up to the task until now.} Nc3 {This is
quite an amusing position. The queen and the knight have broken into the white
territory and try to protect each other. The other pieces are still on their
intial squares!} 14. Qe3 $1 Nxe2+ (14... Nd5 15. Bxd5 exd5 16. Rfb1 $18 {
You get almost the same position as in the game but with White having an extra
pawn on e2.}) 15. Kh1 Nc3 {This is what modern chess is all about: Concrete
play. If the computer says that you are fine, then you can trust it!} (15...
Nxd4 16. Naxc4 $16) 16. Rfc1 (16. Naxc4 Qb4 17. Rfc1 Nd5 $11 {Black will
wriggle out.}) 16... Nd5 17. Bxd5 $1 {Giving up the bishop is the right
decision as the queen can be trapped now. Besides the white queen had no good
squares to go to.} exd5 (17... cxd5 18. Rcb1 Qb4 19. Rxb4 axb4 {It would be
better to have the pawn here on c6 stopping Nb5. Hence, exd5 is better.}) 18.
Rab1 ({A very amusing line that I found in my analysis was} 18. Rcb1 Qb4 19.
Rxb4 axb4 20. Nc2 b3 21. Nb4 Be6 22. Qf4 $2 {is met with a very nice
refutation.} Rxa4 $3 23. Rxa4 b2 $19 {No power on the board can stop the lone
b-pawn from queening!}) 18... Qb4 $1 19. Rxb4 axb4 {For a queen Black has a
nice phalanx of pawns, and a rook. Very enterprising play by the Indian
grandmaster. Objectively the position should be around equal. It is not so
easy to play for either side.} 20. Naxc4 $1 {Postny immediately decides to
return some material. Hanging on to it would have resulted in a catastrophe.} (
20. Nb1 Rxa4 $17) (20. Nc2 b3 21. Nb4 Rxa4 $17) 20... dxc4 21. Nxc4 Be6 {
Black's play is relatively easy. He has this nice square on e6 for his bishop,
the knight can come out on d7 or a6 and the a4 pawn is weak. White on the
other hand, has to use all his creativity to conjure up some play in the
position.} 22. Nb6 Ra5 (22... Ra6 $1 {Shyam would have been afraid of the d5
break. But it is not so strong.} 23. d5 cxd5 24. Rc7 d4 $1 {Sacrificing the
pawn to get the knight into the game with tempo.} 25. Qxd4 Nc6 26. Qc5 (26. Qe3
b3 $19 {The b-pawn is running down the board and the knight on b6 needs
protection.}) 26... b3 $19) 23. d5 $6 (23. Rb1 Na6 24. f3 h5 {This position is
around equal, but somehow seems much easier for Black to do something
constructive than White.}) 23... cxd5 24. Rc7 d4 $1 {A fine pawn sacrifice in
order to develop the knight with tempo.} 25. Qxd4 Nc6 26. Rxc6 {For the second
time in the game Postny gives up material to calm the position. But now from
being materially up, he is facing a situation of having a queen against two
rooks!} (26. Qe3 $2 Re5 $1 27. Qc1 (27. Qd3 Bh3 $1 {A nice mating net.} 28. Qd2
Rfe8 $19) 27... b3 $19 {White rook and knight are stuck on the queenside,
while the black rook, bishop and knight will ensure that the b-pawn queens.})
26... bxc6 27. Qxb4 Re5 {The objective evaluaion of this position is surely
better for Black. I tried a small experiment. I pushed back the pawn from g3
to g2 and pushed the h2 to h3. In such a scenario the position is around equal.
This means that the objective assessment of this position has to do a lot with
the light square weaknesses around the white king.} 28. h4 (28. a5 Bh3 $1 29.
a6 Rfe8 $19) 28... h5 29. Qd4 (29. a5 Rd8 30. a6 Rb5 31. Qe7 Rd1+ 32. Kh2 Rxb6
33. a7 Bd5 34. a8=Q+ Kh7 35. g4 Rb3 36. Qe3 Rh1+ 37. Kg3 Rg1+ 38. Kf4 Rxg4+ 39.
Kf5 Rxe3 40. fxe3 Rxh4 $19 {A nice line, not at all forced, but it shows how
Black's attack is quite potent.}) 29... Re1+ 30. Kg2 Bf5 31. Nd7 Rfe8 32. Nc5
Bg4 {The net around the white king tightens. All that Black must do now is
double the rooks on the first rank.} (32... Rc1 33. a5 Ree1 $19) 33. a5 Rd1 34.
Qb2 (34. Qa4 Ree1 35. Qxc6 Rh1 $1 36. f3 Rdg1+ 37. Kf2 Rf1+ 38. Ke3 Rxf3+ 39.
Kd4 Rd1+ $19 {Black will emerge victorious.}) 34... Ree1 {The mating net has
been woven!} 35. f3 Rg1+ 36. Kf2 Rgf1+ 37. Ke2 (37. Kg2 Bxf3+ $19) 37... Rfe1+
38. Kf2 Rf1+ {Repeating the moves to gain some time.} 39. Ke2 (39. Ke3 Rxf3+
40. Ke4 f5+ 41. Ke5 Rd5+ 42. Ke6 Re3+ $19) 39... Rb1 40. Qc2 Rbe1+ 41. Kd3 (41.
Kd2 Rf2+ $19) 41... Bf5+ 42. Kd4 {An exciting opening debate, fine preparation
by the Black player and a very interesting middlegame. A great game of chess
overall.} 0-1

[Event "Sitges Sunway op 4th"]
[Site "Sitges"]
[Date "2017.12.19"]
[Round "5"]
[White "Saduakassova, Dinara"]
[Black "Aravindh, Chithambaram VR"]
[Result "0-1"]
[WhiteElo "2460"]
[BlackElo "2586"]
[Annotator "Sagar Shah"]
[PlyCount "150"]
[EventDate "2017.12.15"]
[EventType "swiss"]
[EventRounds "9"]
[EventCountry "ESP"]
[SourceTitle "EXT 2019"]
[Source "ChessBase"]
[SourceDate "2018.10.10"]
[SourceVersion "1"]
[SourceVersionDate "2018.10.10"]
[SourceQuality "1"]

1. d4 d5 2. c4 e6 3. Nf3 Nf6 4. g3 dxc4 5. Bg2 a6 6. O-O Nc6 7. e3 Bd7 8. Qe2
Bd6 9. Qxc4 O-O 10. Nbd2 e5 11. dxe5 Nxe5 12. Nxe5 Bxe5 {This position is
quite normal and has been seen before in a GM encounter Raznikov - Wagner.} 13.
Qc2 {This is the first new move of the game. Raznikov had played Qe2. But Qc2
looks very normal. Now the b7 pawn is hanging.} Bb5 14. Nc4 (14. Re1 $14) 14...
Qe7 15. a4 (15. Bxb7 Qc5 (15... Rab8 16. Bf3 Qc5 17. Be2 $14 {Overall the
pressure on the c4 knight cannot be increased and White is a pawn up.}) 16. b3
{Bxa1 will be met with Ba3 and White will have excellent play for the missing
material.} (16. Bxa8 Rxa8 17. f4 $5 $16) 16... Bxa1 17. Ba3 Qh5 18. Bxf8 Rxf8
19. Rxa1 Ng4 20. h4 $16) 15... Bxc4 16. Qxc4 c6 17. Bd2 Rfd8 18. Bb4 Qc7 19. f4
(19. Rad1 Bxb2 20. Qb3 Be5 21. f4 Bd6 22. Bxd6 Rxd6 23. Rxd6 Qxd6 24. Qxb7 $14
{I cannot think that White could be worse here.}) 19... Bd6 20. Bc3 Qe7 21. Kh1
Ng4 22. Qd4 (22. e4 Bc5 (22... Ne3 23. Qd4 $18) 23. Qe2 Ne3 24. Rfe1 Nxg2 25.
Qxg2 $11) 22... Qf8 23. Qb6 Rd7 24. Qd4 Rdd8 25. Qb6 Rab8 26. Rad1 Bc5 27. Rxd8
Bxb6 28. Rxf8+ Kxf8 {White is now going to lose the e3 pawn because e4 will be
met with Nf2+.} 29. Bf3 Nxe3 30. Rc1 Rd8 {Aravindh is a pawn up and went on to
convert his advantage in good style in an opposite colured bishop endgame.} 31.
b4 Nd5 32. Be1 Nc7 33. Kg2 f6 34. h4 Kf7 35. Be4 g6 36. h5 f5 37. Bf3 Rd7 38.
Bc3 Bd4 39. Rd1 Ne6 40. Be1 Ke7 41. Rb1 Kd6 42. Bd2 Nc7 43. hxg6 hxg6 44. Rh1
Ke6 45. g4 Nd5 46. b5 axb5 47. axb5 c5 48. Rh6 Ne7 49. Be2 Kf7 50. Rh7+ Kg8 51.
Rh3 Kg7 52. Kf1 Nc8 53. Ke1 Nd6 54. gxf5 gxf5 55. Bc1 Re7 56. Kf1 b6 57. Ra3
Kf6 58. Bf3 Rg7 59. Bg2 Ne4 60. Ra6 c4 61. Ra4 Rc7 62. Ra8 Re7 63. Bf3 Ng3+ 64.
Kg2 Ne2 65. Rf8+ Kg7 66. Ba3 Nxf4+ 67. Kg3 Kxf8 68. Bxe7+ Kxe7 69. Kxf4 Ke6 70.
Be2 Be5+ 71. Kg5 c3 72. Bd1 Bh2 73. Bc2 Ke5 74. Bxf5 Kd4 75. Kf6 Ke3 0-1

[Event "Lublin 3rd"]
[Site "Lublin"]
[Date "2011.05.16"]
[Round "2"]
[White "Sasikiran, Krishnan"]
[Black "Alekseev, Evgeny V"]
[Result "1-0"]
[WhiteElo "2679"]
[BlackElo "2673"]
[Annotator "Sasikiran,K"]
[PlyCount "103"]
[EventDate "2011.05.15"]
[EventType "tourn"]
[EventRounds "7"]
[EventCountry "POL"]
[EventCategory "18"]
[SourceTitle "CBM 143"]
[Source "ChessBase"]
[SourceDate "2011.07.15"]
[SourceVersion "1"]
[SourceVersionDate "2011.07.15"]
[SourceQuality "1"]

1. d4 d5 2. c4 e6 3. Nf3 Nf6 4. g3 dxc4 5. Bg2 Nc6 6. Qa4 Bb4+ 7. Bd2 Nd5 8.
Bxb4 Ndxb4 9. Nc3 Bd7 10. O-O a5 11. Qd1 O-O 12. e3 a4 13. Qe2 Na5 14. Ne5 Nd5
15. Nxd5 exd5 16. Bxd5 Bh3 17. Qf3 Bxf1 18. Bxf7+ Kh8 19. Rxf1 Nc6 {The first
interesting moment of the game. In all the previous games which reached this
position White took on c6, wrecking Black's pawn structure on the queenside,
however this opened the b-file for the extra exchange (rook for bishop) which
provides counterplay. With the next move, White aims to play against Black's
weakened kingside with the help of connected pawns (e, f) and light squared
weakness (after an eventual Bg6). Black will try to activate his rook via the
3rd or 4th rank and try to make inroads into White's position via the b-file.}
20. Qh5 $5 {[%mdl 8] The next few moves (until White's 24th move) were played
quickly indicating pre game preparation.} (20. Nxc6 bxc6 21. Qh5 Rb8 22. Bxc4
Rxb2 23. Bd3 g6 24. Bxg6 Qe7 25. Bb1 Qf7 26. Qc5 Rxf2 27. Qe5+ Rf6 $13 {
0-1 Aronian,L (2783)-Kramnik,V (2780)/Shanghai 2010/ (71)}) 20... Nxe5 21. dxe5
Ra5 22. Rd1 Qe7 23. Bg6 h6 24. f4 Rb5 (24... Rd8 25. Bc2 Raa8 $5 {is another
playable alternative.}) 25. Bc2 Rb6 (25... Qe6 $2 {does not solve the problem
of light squares as the e-pawn is too fast.} 26. Qg6 Qxg6 27. Bxg6 Rb6 28. f5
a3 29. bxa3 c3 30. Rc1 $1 Kg8 31. e6 $18) (25... Rxb2 $5 {intending to give
back the exchange and seek counterplay with the queenside pawns.} 26. Qg6 Rxc2
27. Qxc2 b5 28. Rd5 Rb8 29. Kg2 Qe8 {with b4 to follow and the passed b-pawn
should give enough counterplay for a draw.}) 26. Qf3 Rd8 27. Rxd8+ Qxd8 28. Qe4
g6 29. e6 (29. Qxc4 Rxb2 {would quickly fizzle out to a draw due to the threat
of Qd2} 30. Qc5 (30. Qc3 Rxa2 31. e6+ Kg8 32. Qc4 Qd2 33. e7+ Kg7 34. Qg8+ Kxg8
35. e8=Q+ Kg7 36. Qxg6+ Kf8 37. Qf6+ Ke8 (37... Kg8 $11) 38. Qe6+ Kd8 39. Qxa2
Qe1+ 40. Kg2 Qe2+ 41. Kh3 Qh5+ $11) 30... Rxa2 31. e6 Kh7 32. f5 Rxc2 33. Qxc2
a3 $11) 29... Qe7 $5 {Evgeny wanted to try his chances, otherwise it is hard
to explain why he did not choose ...Qd2.} (29... Qd2 30. Kf1 (30. Qxg6 Qxe3+
31. Kf1 Qf3+ 32. Kg1 Qe3+ 33. Kg2 Qe2+ $11) 30... Rxe6 31. Qxe6 Qc1+ 32. Kg2
Qxc2+ 33. Kf3 Qd1+ 34. Kg2 Qe2+ 35. Kh3 Qh5+ 36. Kg2 $11) 30. f5 $5 (30. Qd4+
Kg8 31. Bxa4 Qxe6 32. Qd8+ Kg7 33. Qxc7+ Kg8 $11) 30... gxf5 31. Qd4+ Kg8 (
31... Qg7 $2 32. Qd8+ Qg8 33. e7 Re6 34. Bxf5 Re5 35. Qf8 $1 $18) 32. Bxf5 Rd6
$5 {Nevertheless my opponent changed his mind and offered a draw here. I felt
White is in no danger of losing (due to the exposed Black king and advanced
e6-pawn) and hence decided to continue; in addition there is the fact that
Black's counterplay is not easy to find over the board.} (32... Qg5 $1 33. Qe5
Kf8 $1 {threatening ...Qg7 forces White to take an immediate draw.} 34. Qh8+ (
34. h4 Qg7 $17) (34. g4 Qg7 35. e7+ Qxe7 36. Qh8+ Kf7 37. Qh7+ Ke8 38. Qg8+ Qf8
39. Qxc4 Qf7 40. Qxa4+ Kf8 $15) 34... Ke7 35. Qh7+ Kd6 36. Qd7+ Ke5 37. e7
Qxe3+ 38. Kg2 Rxb2+ 39. Kh3 Rxh2+ 40. Kxh2 Qe2+ $11) 33. Qxc4 Kf8 (33... Rd1+
$5 34. Kg2 Rd2+ 35. Kh3 Rxb2 36. Qg4+ Qg5 37. Bh7+ Kg7 38. Qd4+ Qf6 39. Qd7+
Kf8 40. Qc8+ Ke7 41. Qxc7+ Kf8 42. Qc8+ Ke7 43. Qd7+ Kf8 44. Bd3 Rf2 45. e4 Qe7
$11) 34. Bg4 $5 (34. e4 $4 {protecting the bishop seems logical, but it is
necessary to maintain access to the dark squares for the white queen to keep
the draw in hand.} Rc6 $1 {wins as the white queen does not have the correct
square without getting exchanged or the white king is being cut off by black
rook.} 35. Qf1 (35. Qd4 Qc5 $19) 35... Rc2 $1 36. Bg4+ Kg7 37. Kh1 Qf6 38. Qd1
Rd2 39. Qc1 c5 $17) 34... Qg7 35. Kg2 $5 {With time trouble approaching I
wanted to put my king on h3 even at the cost of a pawn, but overlooked the
idea of h5 deflecting White's bishop from the defence of e6-pawn. Nevertheless
White never exceeds the danger margin as home analysis proves.} Qf6 (35...
Qxb2+ 36. Kh3 Qf6 37. e4 (37. Qxc7 Qf1+ 38. Kh4 Qf6+ 39. Kh3 Qf1+ $11) 37...
Rd2 38. Bf5 Qg5 39. Qb4+ (39. Bg4 Qf6 $11) 39... Kg8 40. Bg4 a3 $5 41. Qxa3 Qf6
42. Bf5 Qg5 43. Qf3 c5 (43... Qg7 $5) 44. e5 h5 45. e7 Qxe7 46. Qxh5 Rf2 $11)
36. Qc2 (36. e4 $5 h5 37. Bf5 (37. e5 Qxe5 38. Qf1+ Kg7 39. Qf7+ Kh6 40. Qf8+
Kg6 $11) 37... Qxb2+ 38. Kh3 Rd2 39. e7+ Kxe7 40. Qe6+ Kf8 41. Qh6+ Ke8 42.
Qe6+ Kd8 43. Qc8+ Ke7 44. Qe6+ $11) 36... Rd5 (36... h5 $5 37. Bf5 Rc6 38. Qf2
$1 (38. Qd3 $2 Qxb2+ 39. Kh3 Qf6 40. e4 Rxe6 $1 41. Bxe6 Qxe6+ 42. Kg2 Qxa2+
43. Kg1 Ke7 $19) 38... Rb6 39. b3 axb3 40. axb3 Rxb3 41. Qf4 b5 (41... Rb2+ 42.
Kh3 Kg8 43. e4 (43. Bh7+ Kg7 44. Bf5 c6 45. Qc7+ Kf8 46. e4 Rb5 $11) 43... c6
44. e5 (44. Qb8+ Kg7 45. Qe8 Rb5 $1 (45... h4 46. Qd7+ Kf8 47. Qd6+ Kg7 48. e7
Qxd6 49. e8=N+ Kf8 50. Nxd6 hxg3 51. Kxg3 Ke7 52. e5 Re2 53. Kf4 b5 54. h4 $16)
46. Qxh5 Kf8 $11) 44... Qe7 45. Qh6 Rb5 $1 46. Qg6+ (46. Qxh5 Rxe5 47. Kg2 Qf6
48. Qe8+ Qf8 49. Qg6+ Qg7 $11) 46... Kf8 47. Qxh5 Qg7 48. Qh4 Ke8 49. g4 Rxe5
50. Bg6+ Qxg6 51. Qh8+ Ke7 52. Qxe5 Qxe6 $11) 42. e4 Rb4 43. Qxc7 Rb2+ 44. Kh3
b4 45. Qc8+ Kg7 46. Qe8 h4 47. Qd7+ Kf8 $11) 37. e4 Rb5 $6 {An error in time
trouble. Now the rook is offside and does not take part in the main play, when
the white queen enters the fray via the d-file.} (37... Rd8 38. Bf5 (38. Qc1
Kg8 (38... b6 $5 39. e5 Qxe5 40. Qxh6+ Ke7 41. Qh4+ Qf6 42. Qh7+ Kd6 43. Qd3+
Ke7 $11) 39. a3 c6 40. Kh3 Kg7 $11) 38... Qg5 39. Kf3 (39. Qxc7 Rd2+ 40. Kf3
Rd3+ 41. Kg2 Rd2+ $11) 39... Qh5+ 40. Kf4 Qg5+ 41. Kf3 $11) 38. b3 c6 39. Bf5
a3 $4 {The decisive mistake in the penultimate move before the time control.
Now this pawn becomes an additional weakness and Black is unable to protect it.
} (39... axb3 40. axb3 Kg7 (40... h5 $6 41. h4 $1 Qd4 42. Qc1 Ke7 43. Qg5+ Qf6
44. Qd2 Kf8 45. b4 $16 {with Kh3 and g4 to follow as the rook remains stuck on
b5.}) 41. Qd1 Qb2+ 42. Kh3 Qf6 43. Qd7+ Kf8 44. Qd6+ Qe7 45. Qd2 Qf6 {and
White cannot make any headway.}) 40. Kh3 Qe7 41. Qc3 Kg8 42. Qd3 Rc5 43. Qd7
Kf8 44. Qd2 Kg7 (44... Qg5 45. Qd6+ Qe7 46. Qf4 Kg7 47. Qd2 $16) 45. Qb4 Kf8
46. Qxa3 Rc2 47. b4 $1 {Clearing the third rank for the queen.} Qd8 (47... Rd2
48. Qc3 Qg5 49. Qh8+ Ke7 50. Qh7+ Kd8 51. Bg4 $18) 48. Qf3 Ke7 (48... Qe7 49.
Bh7+ Kg7 50. Qf5 Qe8 51. e7 $18) 49. e5 (49. Qh5 Qe8 50. Qh4+ Kd6 51. e5+ $18)
49... Rb2 50. Qc3 (50. Bg4 $5 $18) 50... Qd2 51. Qc5+ Kd8 52. e7+ 1-0

[Event "WchT 3rd"]
[Site "Luzern"]
[Date "1993.??.??"]
[Round "7.1"]
[White "Vaganian, Rafael A"]
[Black "Serper, Grigory"]
[Result "1/2-1/2"]
[WhiteElo "2615"]
[BlackElo "2575"]
[Annotator "Serper,G"]
[PlyCount "66"]
[EventDate "1993.10.24"]
[EventType "team-tourn"]
[EventRounds "9"]
[EventCountry "SUI"]
[SourceTitle "CBM 039"]
[Source "ChessBase"]
[SourceDate "1994.04.01"]
[SourceVersion "1"]
[SourceVersionDate "1994.04.01"]
[SourceQuality "1"]
[WhiteTeam "Armenia"]
[BlackTeam "Uzbekistan"]
[WhiteTeamCountry "ARM"]
[BlackTeamCountry "UZB"]

1. Nf3 d5 2. g3 c5 3. Bg2 Nc6 4. d4 e6 5. O-O Nf6 6. c4 dxc4 7. Ne5 Bd7 8. Na3
cxd4 9. Naxc4 Bc5 10. Qb3 O-O 11. Qxb7 $5 Nxe5 12. Nxe5 Rb8 13. Qf3 Bd6 $1 $146
(13... Nd5 14. Bg5 $1 f6 15. Qg4 $3 $16) 14. Nxd7 (14. Bf4 Nd5 $1 (14... Rxb2
$2 15. Nc4) 15. Ng6 $140 $4 fxg6) (14. Nc4 Bb5 $1 $10) 14... Qxd7 15. Bg5 Be5
$1 16. Rab1 h6 17. Bf4 (17. Bxf6 Bxf6 $10) 17... Bxf4 18. Qxf4 Rfe8 $1 19. Rfc1
e5 20. Qd2 Rec8 21. Rxc8+ Rxc8 22. Rc1 Rxc1+ 23. Qxc1 e4 $15 24. Qd2 $8 Qd5 25.
Qc2 g6 (25... Qxa2 $2 26. Qc8+ Kh7 27. Qf5+ $10) 26. b4 Kg7 27. h3 d3 $2 (27...
h5 $17) 28. Qd2 $1 (28. exd3 $2 exd3 29. Qd2 Qd4 {/\ Ne4-+}) 28... Qc4 (28...
Qd4 $6 29. Bf1 $1 {xd3}) 29. exd3 exd3 30. Bf1 Ne4 $138 (30... Qc2 $6 31. Qxd3
Qxa2 32. Qd4 $16) 31. Qe3 $5 (31. Qxd3 Qxb4 32. a3 Qe7 $10 (32... Qa4 33. Bg2
Nf6 34. Qc3 $14)) 31... Qxb4 32. Bxd3 Nc5 33. Qe5+ Kg8 1/2-1/2